[Event "Challenge"]
[Site "http://www.queenalice.com/game.php?id=350877"]
[Date "2008.2.8"]
[Round "-"]
[White "tankienwei"]
[Black "EmperorTanner"]
[Result "1-0"]
[WhiteElo "1347"]
[BlackElo "1416"]

1. e4 e5 2. Nf3 d6 3. d4 exd4 4. Nxd4 Nc6 5. Nc3 Qe7 6. Be3 Nf6 7. Nd5 Nxd5 8.
exd5 Nxd4 9. Qxd4 c5 10. Qc3 b6 11. O-O-O f6 12. Bf4 Bg4 13. Re1 g5 14. Bxd6
Qxe1+ 15. Qxe1+ Kf7 16. Bxf8 Rhxf8 17. Bc4 Rae8 18. Qd2 h6 19. h4 a5 20. hxg5
hxg5 21. Re1 Rd8 22. f3 Bh5 23. g4 Bg6 24. f4 a4 25. fxg5 a3 26. d6+ Kg7 27.
gxf6+ Rxf6 28. Re7+ Kf8 29. Qh6# 1-0

[Event "AUTO-OPEN-1007"]
[Site "http://www.queenalice.com/game.php?id=351107"]
[Date "2008.2.9"]
[Round "1"]
[White "TheBigSid"]
[Black "tankienwei"]
[Result "0-1"]
[WhiteElo "2010"]
[BlackElo "1500"]

1. d4 Nf6 2. c4 g6 3. Nc3 d5 4. e3 Bg7 5. Nf3 O-O 6. Be2 c5 7. O-O cxd4 8. exd4
Nc6 9. Be3 b6 10. Rc1 dxc4 11. Bxc4 Bb7 12. Be2 Rc8 13. Qa4 a6 14. Rfd1 b5 15.
Qc2 e6 16. a3 Na5 17. Ne5 Nd5 18. Qd2 Nb3 19. Qd3 Nxc1 20. Rxc1 Nxe3 21. Qxe3
Qd6 22. Rd1 Rc7 23. f3 Rfc8 24. Bxb5 Rxc3 25. bxc3 axb5 26. Rb1 Qxa3 27. Rxb5
Rxc3 28. Qf4 Qa1+ 29. Kf2 Rc2+ 30. Kg3 Bxe5 31. Qxe5 Qf1 32. Qb8+ Bc8 33. Kh4
Rxg2 34. Qxc8+ Kg7 0-1

[Event "AUTO-OPEN-1007"]
[Site "http://www.queenalice.com/game.php?id=351131"]
[Date "2008.2.9"]
[Round "1"]
[White "cleber"]
[Black "tankienwei"]
[Result "1-0"]
[WhiteElo "2127"]
[BlackElo "1469"]

1. e4 e6 2. d4 d5 3. Nd2 a6 4. Ngf3 Nf6 5. Bd3 dxe4 6. Nxe4 Nbd7 7. O-O Be7 8.
Re1 Nxe4 9. Bxe4 Nf6 10. Bd3 b6 11. Bg5 Bb7 12. Qe2 O-O 13. Rad1 h6 14. Bf4 Re8
15. c3 Qc8 16. Ne5 b5 17. Qe3 Nd5 18. Qg3 Nxf4 19. Qxf4 Bf6 20. Re3 Rf8 21. Rg3
Bg5 22. Rxg5 hxg5 23. Qxg5 Qe8 24. Re1 f6 25. Qh4 f5 26. Re3 Rf6 27. Rg3 Qd8 28.
Qh5 Qe8 29. Qg5 1-0

[Event "AUTO-OPEN-1007"]
[Site "http://www.queenalice.com/game.php?id=351132"]
[Date "2008.2.9"]
[Round "1"]
[White "tankienwei"]
[Black "cleber"]
[Result "0-1"]
[WhiteElo "1469"]
[BlackElo "2126"]

1. e4 c5 2. Nf3 e6 3. d4 cxd4 4. Nxd4 Nc6 5. Nb5 d6 6. Bf4 e5 7. Be3 Nf6 8. Bg5
a6 9. N5c3 Be7 10. Bxf6 Bxf6 11. Nd5 Bg5 12. Nbc3 O-O 13. h4 Bh6 14. g4 Bf4 15.
Be2 Be6 16. Qd3 Qa5 17. Nxf4 exf4 18. Qxd6 f3 19. Bxf3 Rfd8 20. Qf4 Rac8 21. O-O
Nd4 22. Kg2 Nxc2 23. Rac1 Nd4 24. Rfd1 Nxf3 25. Qxf3 Qb6 26. Rxd8+ Qxd8 27. Kg3
Qd2 28. Rb1 Qd6+ 29. Qf4 Qb6 0-1

[Event "AUTO-OPEN-1014"]
[Site "http://www.queenalice.com/game.php?id=353906"]
[Date "2008.2.13"]
[Round "1"]
[White "axelsun"]
[Black "tankienwei"]
[Result "1-0"]
[WhiteElo "1737"]
[BlackElo "1446"]

1. Nf3 Nf6 2. d4 g6 3. c4 Bg7 4. Nc3 d5 5. cxd5 Nxd5 6. e4 Nxc3 7. bxc3 c5 8.
Bb5+ Bd7 9. Qa4 O-O 10. Bf4 a6 11. Bxd7 Nxd7 12. Rd1 b5 13. Qa3 cxd4 14. Nxd4 e5
15. Nc6 Qf6 16. Bg3 Qxc6 17. O-O Rfd8 18. Rfe1 Nb6 19. Qc1 Rac8 20. Rxd8+ Rxd8
21. f3 1-0

[Event "AUTO-OPEN-1014"]
[Site "http://www.queenalice.com/game.php?id=353907"]
[Date "2008.2.13"]
[Round "1"]
[White "tankienwei"]
[Black "axelsun"]
[Result "0-1"]
[WhiteElo "1456"]
[BlackElo "1732"]

1. e4 e5 2. Nf3 Nc6 3. Bb5 a6 4. Ba4 Nf6 5. O-O Be7 6. Re1 b5 7. Bb3 O-O 8. c3
Bb7 9. d4 exd4 10. e5 Ne8 11. cxd4 d6 12. exd6 Nxd6 13. Nc3 Re8 14. Bf4 Nf5 15.
Ne5 Nxe5 16. dxe5 Nh4 17. Bd5 Bxd5 18. Nxd5 Bc5 19. Rc1 Bb6 20. Nxb6 cxb6 21.
Qxd8 Raxd8 0-1

[Event "AUTO-OPEN-1014"]
[Site "http://www.queenalice.com/game.php?id=353930"]
[Date "2008.2.13"]
[Round "1"]
[White "paulorobson"]
[Black "tankienwei"]
[Result "1-0"]
[WhiteElo "986"]
[BlackElo "1438"]

1. e4 e6 2. d4 d5 3. Nd2 a6 4. Ngf3 Nf6 5. Bd3 Be7 6. O-O O-O 7. e5 Nfd7 8. c4
dxc4 9. Nxc4 b5 10. Ne3 Bb7 11. Bd2 c5 12. Qc2 h6 13. Be4 Bxe4 14. Qxe4 Ra7 15.
d5 exd5 16. Nxd5 1-0

[Event "AUTO-OPEN-1014"]
[Site "http://www.queenalice.com/game.php?id=353931"]
[Date "2008.2.13"]
[Round "1"]
[White "tankienwei"]
[Black "paulorobson"]
[Result "0-1"]
[WhiteElo "1438"]
[BlackElo "1016"]

1. e4 e5 2. Nf3 Nc6 3. Bb5 a6 4. Ba4 Nf6 5. O-O b5 6. Bb3 Bb7 7. Ng5 d5 8. exd5
Na5 9. Re1 Nxb3 10. Rxe5+ Be7 11. axb3 O-O 12. c4 c6 13. dxc6 Bxc6 14. Re1 Bc5
15. d3 h6 16. Nf3 Ng4 17. d4 Bxf3 0-1

[Event "AUTO-OPEN-1014"]
[Site "http://www.queenalice.com/game.php?id=353946"]
[Date "2008.2.13"]
[Round "1"]
[White "tankienwei"]
[Black "jmsteinfeld"]
[Result "0-1"]
[WhiteElo "1469"]
[BlackElo "1705"]

1. e4 e5 2. Nf3 Nf6 3. Nxe5 Nxe4 4. Qe2 d6 5. Nxf7 Kxf7 6. Qxe4 Qe7 7. Bc4+ Ke8
8. d3 Qxe4+ 9. dxe4 Bg4 10. Nc3 Nc6 11. Be3 Be7 12. f3 Bh5 13. O-O-O Bf7 14.
Bxf7+ Kxf7 15. Nd5 Rac8 16. Rhe1 b6 17. Re2 h6 18. b4 a5 19. c3 axb4 20. cxb4
Ne5 21. Rc2 Bd8 22. f4 Ng4 23. Bxb6 Rb8 24. Bxc7 Bxc7 25. Rxc7+ Kg6 26. h3 Nf2
27. Rd4 Kh7 28. f5 Rhe8 29. Nf6+ Kh8 30. Nxe8 Rxe8 31. Rc2 Nxe4 32. Re2 Rc8+ 33.
Kb2 Ng3 34. Rf2 Rd8 35. b5 Rb8 36. a4 Rb6 0-1

[Event "AUTO-OPEN-1014"]
[Site "http://www.queenalice.com/game.php?id=353947"]
[Date "2008.2.13"]
[Round "1"]
[White "jmsteinfeld"]
[Black "tankienwei"]
[Result "0-1"]
[WhiteElo "1737"]
[BlackElo "1414"]

1. e4 e6 2. d4 d5 3. e5 c5 4. Be3 Qb6 5. b3 Nc6 6. Nf3 cxd4 7. Bxd4 Nxd4 8. Qxd4
Qxd4 9. Nxd4 f6 10. exf6 gxf6 11. Nb5 Kd8 12. Be2 Bd7 13. a4 a6 14. Nd4 Rc8 15.
Bd3 e5 16. Bf5 exd4 17. Bxd7 Kxd7 18. Ra2 Bb4+ 19. Ke2 Ne7 20. Rd1 Rhe8 21. Kf1
Nf5 22. g4 Nh4 23. h3 Re6 24. c3 Bxc3 25. Nxc3 Rxc3 26. Re2 Rxb3 27. Rxe6 Kxe6
28. Rxd4 Ke5 29. Rd1 Kd6 30. Ke2 Ng6 31. f3 Nf4+ 0-1